• 首页
  • 本馆介绍
  • 公告通知
  • 最新文献
  • 馆藏检索
  • 电子资源
  • 读者导购
  • 参考咨询
  • 我的图书馆
  • 登录
  • 详细信息显示
  • 放入我的书架
  • 预约/预借图书
  • 作者相关作品
  • 分类相关作品
  • 丛书相关作品
  • 出版社相关作品

书目信息

  • 表格格式
  • 工作单格式
  • 卡片格式
题名:
社会中介组织的伦理审思
    
 
作者: 朱虹 著
分册:  
出版信息: 北京   中国社会科学出版社  2013
页数: 307页
开本: 21cm
丛书名:
单 册:
中图分类: F713.6
科图分类:
主题词: 中介组织--管理--伦理学--研究 , 中介组织 , 伦理学
电子资源:
ISBN: 978-7-5161-3037-7
000 01019nam0 2200265 450
001 523
005 20140909095934.21
010    @a978-7-5161-3037-7@dCNY29.00
100    @a20140307d2013 emky0chiy50 ea
101 0  @achi
102    @aCN@b110000
105    @ay z 000yy
106    @ar
200 1  @a社会中介组织的伦理审思@AShe Hui Zhong Jie Zu Zhi De Lun Li Shen Si@f朱虹著@FZhu Hong Zhu
210    @a北京@c中国社会科学出版社@d2013
215    @a307页@d21cm
300    @a教育部人文社会科学研究“社会中介组织伦理问题研究”项目成果 “徐州医学院振兴计划”资助
330    @a本书介绍了社会中介组织概论;转型期我国社会中介组织道德失范的主要表现与成因;价值认同:社会中介组织伦理建设的基础、伦理制度:社会中介组织伦理建设的必要保障;个体德性培育:社会中介组织伦理建设的核心等内容。
606 0  @a中介组织@x管理@x伦理学@x研究
606 0  @a中介组织
606 0  @a伦理学
690    @aF713.6@v5
701  0 @a朱虹@AZhu Hong@c(哲学,@f1975~)@4著
801  0 @aCN@bTANGWEI@c20140603
905    @b0839728-30@dF713.6@e697@f3
    
    社会中介组织的伦理审思/朱虹著.-北京:中国社会科学出版社,2013
    307页;21cm
    教育部人文社会科学研究“社会中介组织伦理问题研究”项目成果 “徐州医学院振兴计划”资助
    
    ISBN 978-7-5161-3037-7:CNY29.00
    本书介绍了社会中介组织概论;转型期我国社会中介组织道德失范的主要表现与成因;价值认同:社会中介组织伦理建设的基础、伦理制度:社会中介组织伦理建设的必要保障;个体德性培育:社会中介组织伦理建设的核心等内容。
●
相关链接 在E读中查询图书 在五车中查询图书 在当当中查询图书 在豆瓣中查询图书


正题名:社会中介组织的伦理审思     索取号:F713.6/697         预约/预借

序号 登录号 条形码 馆藏地/架位号 状态 备注
1 0839728   208397288   第一样本阅览室/ [索取号:F713.6/697] 在馆    
2 0839729   208397297   第一借阅区/ [索取号:F713.6/697] 在馆    
3 0839730   208397304   第一借阅区/ [索取号:F713.6/697] 在馆    
唐山师范学院图书馆 欢迎您!
大连网信软件有限公司© 版权所有